000 01517nam0a2200325 4500
001 RU\NLR\bibl\1847813
005 20260405085011.0
010 _a978-5-9515-0169-1
_9500
021 _aRU
_b2011-92047
_96594
035 _a(NLR Aleph) 001838231
090 _a2235686
_c2235686
100 _a20111214d2011 |||y0rusy50 ca
101 0 _arus
102 _aRU
105 _aach |||||||||
200 1 _aПо дороге жизни
_eк 100-летию со дня рождения главного инженера - первого заместителя директора Российского федерального ядерного центра - ВНИИЭФ Николая Александровича Петрова
210 _aСаров
_cФГУП РФЯЦ-ВНИИЭФ
_d2011
215 _a169, [2] с., [18] л. ил., портр., факс.
_cпортр.
_d21
320 _aБиблиогр. в конце кн. (12 назв.)
600 1 _aПетров
_bН.А.
_f1911 - 1989
_gНиколай Александрович
_92630971
_3RU\NLR\auth\661567531
686 _aВ3д(2)Петров
686 _aК3д(2)Петров
700 1 _4070
_8rus
_7ca
_aСмирнова
_bО. Ю.
_cканд. филос. наук
_gОльга Юрьевна
_3RU\NLR\auth\7731087
_914100
702 1 _aПетров
_bН. А.
_f1911-1989
_gНиколай Александрович
_4570
801 0 _aRU
_bNLR
_c20111214
_gRCR
801 1 _aRU
_bNLR
_c20111214
942 _cBOOK
980 _aNB
980 _aNBR